Strategic event creation
Αποθηκεύτηκε σε:
| Άλλοι συγγραφείς: | |
|---|---|
| Μορφή: | Βιβλίο |
| Γλώσσα: | Greek |
| Δημοσίευση: |
Oxford :
Goodfellow,
c2014.
|
| Θέματα: | |
| Ετικέτες: |
Προσθήκη ετικέτας
Δεν υπάρχουν, Καταχωρήστε ετικέτα πρώτοι!
|
MARC
| LEADER | 00000cam a2200000 a 4500 | ||
|---|---|---|---|
| 001 | 1/106331 | ||
| 008 | 150514t2014####gr | ||| |||| ||gre|| | ||
| 020 | |a 9781910158074 | ||
| 040 | |a GR-MyUa |b gre |c GR-MyUa |e AACR2 | ||
| 041 | 0 | |a gre | |
| 082 | 7 | |a 394.2068 |2 (23) | |
| 245 | 0 | 0 | |a Strategic event creation / |c edited by Liz Sharples, Phil Crother, Daryl May and Chiara Orefice. |
| 260 | |a Oxford : |b Goodfellow, |c c2014. | ||
| 300 | |a xiv, 290 σ. : |b εικ., πίν., σχέδια ; |c 24 εκ. | ||
| 504 | |a Περιλαμβάνει βιβλιογραφικές παραπομπές και ευρετήριο. | ||
| 650 | 0 | |a Special events |x Planning. | |
| 650 | 0 | |a Special events |x Management. | |
| 700 | 1 | |a Sharples, Liz, |e edtf | |
| 852 | |a INST |b CHIOS |e 20150520 |h 394.2068 STR |p 005200034348 |q 005200034348 |t BK |y 0 | ||
| 970 | |a Σπέντζα |b Ελένη |z 20-05-2015 | ||